000 00298nam a22001337a 4500
008 180109b xxu||||| |||| 00| 0 eng d
020 _a3790804320
041 _aeng
080 _a33
100 _a52
101 _aEKO
245 _aECONOMETRICS OF STRUCTURAL CHANGE
_cKRAMER,W
942 _2udc
_cBK
999 _c39825
_d39825